000 00410nam a2200145Ia 4500
008 090123s9999 xx 000 0 und d
082 _b880
245 _aदिंडी गेली पुढे
250 _a2
260 _bकुलकर्णी अ.अ.
300 _a48
630 _aदिंडी गेली पुढे
730 _aदिंडी गेली पुढे
942 _cBOOK
999 _c38967
_d38967